000 00799nam a22002297a 4500
005 2008102004474.0
008 081020t xxu||||| |||| 00| 0 eng d
010 _aENG-84509
020 _a8175345284
020 _c995.00 (hb)
035 _aEN-68042
082 _a345.0287 / GAN
100 _aGandhi, Meneka
245 _aAnimal laws of India /
_cby Maneka Gandhi, Ozair Husain and Raj Panjwani
260 _aNew Delhi
_bUniversal Law Publishing
260 _c2006
300 _axxii,1238p
_c24.5cm
700 _aHusain, Ozair
_cjt auth
700 _aPanjwani, Raj
_cjt auth
942 _2ddc
_cEN
_h345.0287
_mGAN
999 _c17815
_d17815